000 00316nam a22001337a 4500
008 170323b xxu||||| |||| 00| 0 eng d
020 _a9789283221630
041 _aeng
080 _a616.9
100 _a7
101 _aSHM
245 _aMOLECULAR EPIDEMIOLOGY: PRINCIPLES AND PRACTICES
_cPERERA, F
942 _2udc
_cBK
999 _c8453
_d8453